<?xml version="1.0" encoding="UTF-8"?><?xml-stylesheet type="text/xsl" href="static/style.xsl"?><OAI-PMH xmlns="http://www.openarchives.org/OAI/2.0/" xmlns:xsi="http://www.w3.org/2001/XMLSchema-instance" xsi:schemaLocation="http://www.openarchives.org/OAI/2.0/ http://www.openarchives.org/OAI/2.0/OAI-PMH.xsd"><responseDate>2026-04-17T20:14:42Z</responseDate><request verb="GetRecord" identifier="oai:www.recercat.cat:10256/26489" metadataPrefix="marc">https://recercat.cat/oai/request</request><GetRecord><record><header><identifier>oai:recercat.cat:10256/26489</identifier><datestamp>2025-02-28T04:57:43Z</datestamp><setSpec>com_2072_452955</setSpec><setSpec>com_2072_2054</setSpec><setSpec>col_2072_453074</setSpec></header><metadata><record xmlns="http://www.loc.gov/MARC21/slim" xmlns:dcterms="http://purl.org/dc/terms/" xmlns:xsi="http://www.w3.org/2001/XMLSchema-instance" xmlns:doc="http://www.lyncode.com/xoai" xsi:schemaLocation="http://www.loc.gov/MARC21/slim http://www.loc.gov/standards/marcxml/schema/MARC21slim.xsd">
   <leader>00925njm 22002777a 4500</leader>
   <datafield ind2=" " ind1=" " tag="042">
      <subfield code="a">dc</subfield>
   </datafield>
   <datafield ind2=" " ind1=" " tag="720">
      <subfield code="a">Arnau Roselló, Roberto</subfield>
      <subfield code="e">author</subfield>
   </datafield>
   <datafield ind2=" " ind1=" " tag="720">
      <subfield code="a">Gifreu Castells, Arnau</subfield>
      <subfield code="e">author</subfield>
   </datafield>
   <datafield ind2=" " ind1=" " tag="260">
      <subfield code="c">2020-01-31</subfield>
   </datafield>
   <datafield ind2=" " ind1=" " tag="520">
      <subfield code="a">El cine de lo real contemporáneo ha experimentado un auge en las últimas décadas que lo convierten en un punto de encuentro estilístico entre muy diversos discur-sos audiovisuales, géneros y propuestas formales. Las recientes aproximaciones a lo real, que combinan lo reflexivo con lo experimental, lo interactivo y lo hiper-textual, generan un panorama plagado de heterodoxias formales y conceptuales, que amplían las fronteras del concepto y sirven de contrapunto en ese juego de influencias recíprocas en el que se ha convertido el género como respuesta a la complejidad del contexto multimodal en el que opera. Heredero de un concepto problemático, como el de documental, en el cine de lo real contemporáneo se produce un afinamiento de los dispositivos retóricos, una emergencia de diferentes voces y distintos relatos, hibridaciones discursivas y ampliaciones del género, que hacen tan necesaria como urgente una reflexión sobre el particular momento de desarrollo en el que se encuentra, sus derivas actuales y propuestas narrativas</subfield>
   </datafield>
   <datafield ind1="8" ind2=" " tag="024">
      <subfield code="a">http://hdl.handle.net/10256/26489</subfield>
   </datafield>
   <datafield tag="653" ind2=" " ind1=" ">
      <subfield code="a">Cinematografia</subfield>
   </datafield>
   <datafield tag="653" ind2=" " ind1=" ">
      <subfield code="a">Motion pictures</subfield>
   </datafield>
   <datafield tag="653" ind2=" " ind1=" ">
      <subfield code="a">Cinema veritat</subfield>
   </datafield>
   <datafield tag="653" ind2=" " ind1=" ">
      <subfield code="a">Cinema documental</subfield>
   </datafield>
   <datafield tag="653" ind2=" " ind1=" ">
      <subfield code="a">Documentary films</subfield>
   </datafield>
   <datafield tag="653" ind2=" " ind1=" ">
      <subfield code="a">Subjectivitat en la cinematografia</subfield>
   </datafield>
   <datafield tag="653" ind2=" " ind1=" ">
      <subfield code="a">Subjectivity in motion pictures</subfield>
   </datafield>
   <datafield ind2="0" ind1="0" tag="245">
      <subfield code="a">Cartografías de lo real: de las nuevas subjetividades a las narrativas expandidas</subfield>
   </datafield>
</record></metadata></record></GetRecord></OAI-PMH>